Aspect-Oriented Requirements Engineering

Salvato in:
Dettagli Bibliografici
Altri autori: Moreira, Ana (Redattore), Chitchyan, Ruzanna (Redattore), Araújo, Joao (Redattore), Rashid, Awais (Redattore)
Natura: Libro
Lingua:inglese
Pubblicazione: Berlin Springer-Verlag 2013
Edizione:1. vyd.
Tags: Aggiungi Tag
Nessun Tag, puoi essere il primo ad aggiungerne!!

MARC

LEADER 00000nam a22000003a 4500
001 0005286
003 SK-STU
005 20150617230334.0
007 ta
008 150611s ----xo-----e------000-0-----d
020 |a 978-3-642-38639-8 
040 |a STU  |b slo 
041 0 |a eng 
044 |a gw 
100 1 |a Moreira, Ana  |4 edt 
245 1 0 |a Aspect-Oriented Requirements Engineering 
250 |a 1. vyd. 
260 |a Berlin  |b Springer-Verlag  |c 2013 
300 |a 383 s. 
700 1 |a Chitchyan, Ruzanna  |4 edt 
700 1 |a Araújo, Joao  |4 edt 
700 1 |a Rashid, Awais  |4 edt 
996 |b 284IQ00012  |c I*20SS10765  |l II680  |s A  |a 24  |w 0005286_0001